الملهاة و المأساة / (Record no. 15714)

MARC details
000 -الفاتح
حقل البيانات ثابتة الطول 00803nam a22001817a 4500
008 - عناصر البيانات ثابتة الطول - معلومات عامة
حقل البيانات ثابتة الطول 110720t2003 xxu||||g |||| 000 0 ara d
020 ## - الرقم الدولى المعيارى للكتب
الرقم الدولى المعيارى للكتاب 9772793903
082 ## - رقم تصنيف ديوى العشرى
رقم الطبعة 22
رقم التصنيف 690.5822
رقم المادة م ر غ
100 ## - المدخل الرئيسى - إسم شخصى
9 (RLIN) 26366
الإسم الشخصى كير، وولتر
245 ## - بيان العنوان
العنوان الملهاة و المأساة /
بيان المسئوليه,etc تأليف :وولتر كير؛ ترجمة : عبد الرحمن أمين مرغلانى
260 ## - PUBLICATION, DISTRIBUTION, ETC. (IMPRINT)
مكان الناشر او الموزع القاهرة:
اسم الناشر او الموزع دار الأمين للنشر و التوزيع،2003.
تاريخ النشر أو التوزيع 2003.
300 ## - الوصف المادى
التعداد 367 ص.
أبعاد الوعاء 24 سم.
650 ## - المدخل الاضافى بالموضوع-مصطلح موضوعى
9 (RLIN) 14915
مصطلح موضوعي أو اسم جغرافي كعنصر مدخل المسرح
653 ## - مصطلح تكشيفى غير مقيد
Resource For college
Arrived date list July2011
700 ## - المدخل الاضافى - اسم شخصى
9 (RLIN) 26365
الإسم الشخصى ؛مرغلانى،عبد الرحمن أمين
العنوان والكلمات الأخرى المصاحبة للاسم مترجم
942 ## - عناصر المدخل الإضافي( كوها)
مصدر التصنيف او مخطط الترفيف Dewey Decimal Classification
Koha [default] item type Book - Borrowing
Holdings
حالة التراجع حالة الفقد مصدر التصنيف او خطة الترفيف حالة تلف ليس للاعارة مجموعات كوها المكان الدائم المكان الحالي موقع الترفيف تاريخ الاكتساب Source of acquisition رقم الاستدعاء الباركود Date last seen نوع الوعاء
    Dewey Decimal Classification       Central Library Central Library First floor 20/07/2011 Purchase 690.5822 م ر غ 000024413 15/07/2025 Book - Borrowing